Measuring uncertainty : an elementary introduction to Bayesian statistics /

Guardado en:
Autor Principal: Schmitt, Samuel A.
Formato: Libro
Idioma:English
Publicado: Reading, Mass. : Addison-Wesley, c1969.
Series:Addison-Wesley series in behavioral science: quantitative methods
Materias:
Etiquetas: Agregar Etiqueta
Sin Etiquetas, Sea el primero en etiquetar este registro!
LEADER 00711nam a2200193 a 4500
001 MAT.inmabb004738
008 690401s1969####maua#####b####001#0#eng##
005 20130324172439.0
245 1 0 |a Measuring uncertainty :  |b an elementary introduction to Bayesian statistics /  |c Samuel A. Schmitt. 
260 |a Reading, Mass. :  |b Addison-Wesley,  |c c1969. 
300 |a 400 p. :  |b il. ;  |c 24 cm. 
490 0 |a Addison-Wesley series in behavioral science: quantitative methods 
504 |a Bibliografía: p. 345-348. 
100 1 |a Schmitt, Samuel A. 
084 |a 62-01 (62Cxx)  |2 msc2000 
650 0 |a Bayesian statistical decision theory. 
010 |a  69014299  
040 |a DLC  |c DLC  |d DLC 
859 |h 62  |i Sc355  |p A-4192  |b BIB. MATEMATICA